A la voz del rey : una historia verídica /
שמור ב:
| מחבר ראשי: | |
|---|---|
| פורמט: | ספר |
| שפה: | ספרדית |
| יצא לאור: |
México :
Cal y Arena,
1989, c1989
|
| תגים: |
אין תגיות, היה/י הראשונ/ה לתייג את הרשומה!
|
MARC
| LEADER | 00000nam^a2200000^a^4500 | ||
|---|---|---|---|
| 001 | 000554981 | ||
| 005 | 20250521000000.0 | ||
| 009 | 20260310131709.222 | ||
| 020 | |a 968-493-186-7 | ||
| 037 | |a Acervo Xavier Clavigero | ||
| 041 | |a ESP | ||
| 091 | |a FCA. 06786 | ||
| 100 | |a Meyer, Jean |e (autor) | ||
| 245 | 1 | 0 | |a A la voz del rey : |b una historia verídica / |
| 264 | 4 | |a México : |b Cal y Arena, |c 1989, c1989 | |
| 300 | |a 131 p. | ||
| 336 | |a texto |b txt |2 rdacontenido | ||
| 337 | |a sin mediación |b n |2 rdamedio | ||
| 338 | |a volumen |b nc |2 rdasoporte | ||
| 649 | |a XX | ||
| 910 | |a Fondo Xavier Cacho Vázquez S.J. | ||
| 920 | |a Impresos - Libros | ||
| 930 | |a Fondos Especiales | ||
| 940 | |a Literatura | ||
| 905 | |a 131 | ||
| 901 | |a 0500377801 |b IT2 |c ESP |i D |u 20250521 | ||
| 902 | |a https://opac.biblio.iteso.mx/vufind/Record/000554981 | ||